[Le canal interocèanique et le Congrès International de Paris / (Record no. 93388)

MARC details
000 -LEADER
campo de control de longitud fija 00692nam a2200193 i 4500
001 - NÚMERO DE CONTROL
campo de control 93388
003 - IDENTIFICADOR DE NÚMERO DE CONTROL
campo de control ES-MaACL
005 - FECHA Y HORA DE LA ÚLTIMA TRANSACCIÓN
campo de control 20230906181207.0
007 - CAMPO FIJO DE DESCRIPCIÓN FÍSICA--INFORMACIÓN GENERAL
campo de control de longitud fija t|
008 - DATOS DE LONGITUD FIJA--INFORMACIÓN GENERAL
campo de control de longitud fija 050524q18701879fr ||||1| fre d
100 1# - ENTRADA PRINCIPAL--NOMBRE DE PERSONA
Nombre de persona Marcou, Jules.
9 (RLIN) 76547
245 14 - MENCIÓN DEL TÍTULO
Título [Le canal interocèanique et le Congrès International de Paris /
Mención de responsabilidad, etc. Jules Marcou].
260 ## - PUBLICACIÓN, DISTRIBUCIÓN, ETC.
Lugar de publicación, distribución, etc. [S.l. :
Nombre del editor, distribuidor, etc. s.n.,
Fecha de publicación, distribución, etc. 187-?]
300 ## - DESCRIPCIÓN FÍSICA
Extensión p. [413]-436 ;
Dimensiones 23 cm.
500 ## - NOTA GENERAL
Nota general Entrega 2ª de la: Bibliothèque Universelle et Revue Suisse, livraison de septembre.
594 ## - Nota al título y mención de responsabilidad
Nota al título y mención de responsabilidad Autor y título tomados del principio y final del texto.
651 #4 - PUNTO DE ACCESO ADICIONAL DE MATERIA--NOMBRE GEOGRÁFICO
Nombre geográfico Canal de Panamá.
9 (RLIN) 7941
852 ## - LOCALIZACIÓN
Ubicación ES-MaACL
Número de control de estantería T-907-F-3
Nota libre .- Legado Botella y de Hornos
Holdings
Estatus retirado Estado de pérdida Estado de daño No para préstamo Colección Biblioteca de origen Biblioteca actual Ubicación en estantería Fecha de adquisición Fuente de adquisición Total de préstamos Signatura topográfica completa Código de barras Visto por última vez Precio de reemplazo Tipo de ítem Koha
        Colección de folletos Biblioteca del Ateneo de Madrid Biblioteca del Ateneo de Madrid Depósito folletos 17/01/2008     T-907-F-3 1097491 23/02/2023 23/02/2023 Folleto